000 01079nas a2200385 4500
001 BR2012001565
003 BR-BrBNA
005 20231205120241.0
007 ta
008 230509b bl.|||p| |||| 00| 00por d
040 _aBR-BrBNA
_bpor
_cBiblioteca Nacional de Agricultura
041 _a(Pt)
072 _aF50
100 1 _aPivetta, L.A.
100 1 _aCastoldi, G.
100 1 _aSantos, G.P. dos
100 1 _aRosolem, C.A.
245 1 _aCrescimento e atividade de raízes de soja em função do sistema de produção
650 _aSOJA
650 _aCRESCIMENTO
650 _aRAIZ
650 _aSISTEMA RADICULAR
650 _aPRODUTIVIDADE
650 _aPLANTA DE COBERTURA
650 _aSORGO FORRAGEIRO
650 _aMILHETO
650 _aTRITICALE
650 _aGIRASSOL
650 _aCROTALÁRIA
650 _aINVERNO
650 _aPRIMAVERA
773 0 _tPesquisa Agropecuária Brasileira (Brazil)
_xISSN 0100-204X
_g(Nov 2011), v. 46(11) p. 1547-1554
_wBR2012001565
909 _a202311
_bLúcia
_c55
_dLúcia Elande
942 _2AGRIS
_n0
_cANA
999 _c217613
_d217613